| 000 | 00530nam a2200205Ia 4500 | ||
|---|---|---|---|
| 001 | b2912-25153 [4156] | ||
| 003 | IT-MiCISF | ||
| 008 | 161014s9999||||xx |||||||||||||| ||und|| | ||
| 040 |
_aIT-MiCISF _cIT-MiCISF |
||
| 041 | _ait | ||
| 100 | _aGerosa Ercole | ||
| 245 | 0 |
_aIl suo sole tramonta _bRiflessioni sulla vedovanza |
|
| 250 | _a1a ed. | ||
| 260 |
_a Concorezzo (MI) _bRonchi _c1992 |
||
| 300 | _app. 117 | ||
| 500 | _a / pastorale, vedovanza / | ||
| 650 | _apastorale | ||
| 942 | _cBK | ||
| 957 | _71 | ||
| 999 |
_a25153 _bsi _g1 _c214513 _d214513 |
||